00661nam a2200205Ia 4500008004100000041001200041082001200053100003000065245005500095365000700150520001400157546001200171630005500183650001400238655001400252730005500266942000900321999001900330952010600349101110s9999 xx 000 0 und d aENGLISH bSR22184 aPrabhu Garg, Prabhu Sathe aBasic Principles in Physical Chemistry - S.Y.B.Sc. b50 aChemistry aENGLISH aBasic Principles in Physical Chemistry - S.Y.B.Sc. aChemistry aChemistry aBasic Principles in Physical Chemistry - S.Y.B.Sc. cBOOK c814967d814964 00104070aDBJbDBJc46Ad2010-11-11g50.00j2l0pDBJSR22184r2010-11-11 00:00:00w2010-11-11yBOOK